000 00351nam a2200133Ia 4500
008 230411s9999 xx 000 0 und d
041 _aeng
082 _aB/612.014/INA/B01428
100 _aInamdar Madhuri
245 _aApplied Physics in Nursing
260 _bVora Medical Publications
_aMumbai
_c2001
300 _a70p
999 _c152747
_d152747